000 00307nam a22001337a 4500
008 170621b xxu||||| |||| 00| 0 eng d
020 _a9781551113234
041 _aeng
080 _a327
100 _a20
101 _aSHP
245 _aSUSTAINABLE DEVELOPMENT AND CANADA
_cSTOETT.P.J
942 _2udc
_cBK
999 _c18429
_d18429